Journal of marketing <a> quarterly publication of the American marketing association
Uložené v:
| Médium: | Seriál |
|---|---|
| Jazyk: | English |
| Vydavateľské údaje: |
Chicago
American Marketing Association
1996
|
| Predmet: | |
| Tagy: |
Žiadne tagy, Buďte prvý, kto otaguje tento záznam!
|
MARC
| LEADER | 00000nas2a2200000 4500 | ||
|---|---|---|---|
| 001 | s107350 | ||
| 005 | 20221221070828.7 | ||
| 022 | |a 0022-2429 | ||
| 041 | 0 | |a eng | |
| 044 | |a US | ||
| 245 | 1 | 0 | |a Journal of marketing |b <a> quarterly publication of the American marketing association |
| 264 | 1 | |a Chicago |b American Marketing Association |c 1996 | |
| 300 | |a 1 zv. | ||
| 773 | 0 | |w eu_un_cat*s120137 | |
| 610 | 2 | 0 | |a marketing |